[Event "Moscow op-F 15th"]
[Site "Moscow"]
[Date "2019.01.28"]
[Round "4"]
[White "Grachev, Andrey"]
[Black "Bobrov, Vitaly"]
[Result "1-0"]
[WhiteElo "2181"]
[BlackElo "1970"]
[PlyCount "87"]
[EventDate "2019.01.25"]
[EventType "swiss"]
[EventRounds "9"]
[EventCountry "RUS"]
[SourceTitle "CBM 188 Extra"]
[Source "ChessBase"]
[SourceDate "2019.02.26"]
[SourceVersion "1"]
[SourceVersionDate "2019.02.26"]
[SourceQuality "1"]

1. e4 e5 2. Nf3 Nf6 3. Nxe5 d6 4. Nf3 Nxe4 5. Nc3 Nxc3 6. dxc3 Be7 7. Bf4 0-0 8. Qd2 Nd7 9. 0-0-0 Nc5 10. Nd4 c6 11. f3 d5 12. h4 Na4 13. Nb3 Be6 14. Be3 c5 15. Bb5 a6 16. Bxa4 b5 17. Nxc5 bxa4 18. Nxe6 fxe6 19. Bg5 a3 20. b3 a5 21. Rhe1 Bxg5 22. hxg5 Ra6 23. Re5 a4 24. Rde1 axb3 25. cxb3 Qc8 26. Qe3 Rc6 27. Kc2 Qd7 28. Qd4 Rfc8 29. R1e3 Qf7 30. g4 Qg6+ 31. Kc1 Qf7 32. f4 g6 33. Kc2 Qg7 34. Qb4 Qd7 35. Qd4 Qf7 36. f5 gxf5 37. gxf5 Qh5 38. fxe6 Qh2+ 39. Re2 Rxc3+ 40. Qxc3 Rxc3+ 41. Kxc3 Qh5 42. e7 Qe8 43. Kd4 Kg7 44. Rf5 1-0

[Event "Samara Polugaevsky Memorial 2nd"]
[Site "Samara"]
[Date "2012.07.13"]
[Round "9"]
[White "Bobrov, Vitaly"]
[Black "Liberman, Evgeny"]
[Result "0-1"]
[WhiteElo "1925"]
[BlackElo "2213"]
[PlyCount "60"]
[EventDate "2012.07.05"]
[EventType "swiss"]
[EventRounds "9"]
[EventCountry "RUS"]
[SourceTitle "CBM 149 Extra"]
[Source "ChessBase"]
[SourceDate "2012.08.24"]
[SourceVersion "1"]
[SourceVersionDate "2012.08.24"]
[SourceQuality "1"]

1. e4 Nc6 2. Nf3 d6 3. d4 Nf6 4. Nc3 Bg4 5. Be2 e5 6. d5 Ne7 7. 0-0 Ng6 8. Be3 a6 9. Nd2 Bd7 10. a4 Be7 11. a5 0-0 12. Nb3 h6 13. f3 Nh5 14. g3 Bh3 15. Re1 Bg5 16. Bf2 Nf6 17. Na4 Nh7 18. c4 f5 19. c5 fxe4 20. cxd6 e3 21. dxc7 exf2+ 22. Kxf2 Qxc7 23. Nb6 Rad8 24. Bd3 Qf7 25. Bxg6 Qxg6 26. Rxe5 Rxf3+ 27. Qxf3 Rf8 28. Qxf8+ Nxf8 29. Re2 Qf5+ 30. Kg1 Qf3 0-1

[Event "Samara Polugaevsky Memorial 2nd"]
[Site "Samara"]
[Date "2012.07.12"]
[Round "8"]
[White "Bobrov, Vitaly"]
[Black "Shur, Tatiana"]
[Result "1-0"]
[WhiteElo "1925"]
[BlackElo "1794"]
[PlyCount "69"]
[EventDate "2012.07.05"]
[EventType "swiss"]
[EventRounds "9"]
[EventCountry "RUS"]
[SourceTitle "CBM 149 Extra"]
[Source "ChessBase"]
[SourceDate "2012.08.24"]
[SourceVersion "1"]
[SourceVersionDate "2012.08.24"]
[SourceQuality "1"]

1. e4 c5 2. Nf3 g6 3. c3 Bg7 4. d4 cxd4 5. cxd4 d5 6. e5 Nc6 7. Nc3 Bg4 8. Be2 e6 9. h3 Bxf3 10. Bxf3 f6 11. Bg4 Qe7 12. f4 fxe5 13. fxe5 h5 14. 0-0 hxg4 15. Qxg4 0-0-0 16. Bg5 Nh6 17. Bxe7 Nxg4 18. Bxd8 Kxd8 19. hxg4 Bh6 20. g3 Nxd4 21. Rf7 Kc8 22. Rf6 Bg7 23. Rxg6 Bxe5 24. Kg2 Kd7 25. Re1 Kd6 26. Rg5 Bf6 27. Rg6 Be5 28. Rf1 Rh7 29. Rf8 a6 30. g5 Nf5 31. Rxf5 d4 32. Ne4+ Kd5 33. Nf6+ Kc4 34. Rxe5 d3 35. Re4+ 1-0

[Event "Samara Polugaevsky Memorial 2nd"]
[Site "Samara"]
[Date "2012.07.09"]
[Round "5"]
[White "Korovin, Mikhail"]
[Black "Bobrov, Vitaly"]
[Result "0-1"]
[WhiteElo "2110"]
[BlackElo "1925"]
[PlyCount "90"]
[EventDate "2012.07.05"]
[EventType "swiss"]
[EventRounds "9"]
[EventCountry "RUS"]
[SourceTitle "CBM 149 Extra"]
[Source "ChessBase"]
[SourceDate "2012.08.24"]
[SourceVersion "1"]
[SourceVersionDate "2012.08.24"]
[SourceQuality "1"]

1. d4 d5 2. Nf3 Nf6 3. c4 e6 4. e3 Nbd7 5. Bd3 dxc4 6. Bxc4 a6 7. 0-0 b5 8. Bb3 Bb7 9. Nc3 Be7 10. Qe2 c5 11. Rd1 Qc7 12. Bd2 0-0 13. Rac1 Qb6 14. Bc2 Rac8 15. Bb1 Rfd8 16. a3 cxd4 17. exd4 Bxf3 18. Qxf3 Qxd4 19. Be3 Qh4 20. h3 Nc5 21. Rxd8+ Rxd8 22. Nxb5 axb5 23. Bxc5 Bxc5 24. Rxc5 b4 25. Qd3 Nd5 26. Rc4 Qh6 27. Rxb4 Qc1+ 28. Kh2 Qc7+ 29. g3 Nxb4 30. Qxh7+ Kf8 31. Qh8+ Ke7 32. Qh4+ Kf8 33. Qxb4+ Qd6 34. Qc3 Qd2 35. Qc5+ Qd6 36. Qc3 Qd4 37. Qc2 Qd2 38. Qc5+ Qd6 39. Qa5 Qd4 40. Kg1 Ke7 41. Qg5+ Ke8 42. Bc2 Rd5 43. Qc1 Ke7 44. Qb1 Qd2 45. b4 Re5 0-1

[Event "Samara Polugaevsky Memorial 2nd"]
[Site "Samara"]
[Date "2012.07.05"]
[Round "1"]
[White "Kopylov, Alexander A"]
[Black "Bobrov, Vitaly"]
[Result "1-0"]
[WhiteElo "2446"]
[BlackElo "1925"]
[PlyCount "59"]
[EventDate "2012.07.05"]
[EventType "swiss"]
[EventRounds "9"]
[EventCountry "RUS"]
[SourceTitle "CBM 149 Extra"]
[Source "ChessBase"]
[SourceDate "2012.08.24"]
[SourceVersion "1"]
[SourceVersionDate "2012.08.24"]
[SourceQuality "1"]

1. d4 d5 2. c4 e6 3. Nf3 Nf6 4. cxd5 exd5 5. Nc3 c6 6. Bg5 Bd6 7. e3 0-0 8. Bd3 Nbd7 9. Qc2 h6 10. Bh4 Qc7 11. Rc1 Qb8 12. a3 a5 13. 0-0 Ng4 14. h3 Nh2 15. Nxh2 Bxh2+ 16. Kh1 Bd6 17. f4 Re8 18. Rf3 Be7 19. Bxe7 Rxe7 20. e4 dxe4 21. Nxe4 Nb6 22. f5 Re8 23. f6 g6 24. Qd2 Kh7 25. Rf4 h5 26. Rh4 Bf5 27. Ng5+ Kg8 28. Bxf5 Qg3 29. Ne4 Rxe4 30. Qh6 1-0

[Event "Samara Polugaevsky Memorial 1st"]
[Site "Samara"]
[Date "2011.07.13"]
[Round "9"]
[White "Alieva, Alexandra"]
[Black "Bobrov, Vitaly"]
[Result "0-1"]
[WhiteElo "1906"]
[BlackElo "1941"]
[PlyCount "154"]
[EventDate "2011.07.05"]
[EventType "swiss"]
[EventRounds "9"]
[EventCountry "RUS"]
[SourceTitle "CBM 143 Extra"]
[Source "ChessBase"]
[SourceDate "2011.08.29"]
[SourceVersion "1"]
[SourceVersionDate "2011.08.29"]
[SourceQuality "1"]

1. e4 e5 2. Nf3 Nf6 3. Nxe5 d6 4. Nf3 Nxe4 5. d4 d5 6. Bd3 Bd6 7. 0-0 0-0 8. c3 Nd7 9. Bxe4 dxe4 10. Ng5 Nf6 11. Re1 Re8 12. Qb3 Re7 13. Nd2 Qe8 14. c4 c5 15. d5 h6 16. Nh3 Ng4 17. g3 g5 18. Nf1 Ne5 19. Kg2 Nf3 20. Re3 f5 21. Re2 Nd4 22. Qd1 Nxe2 23. Qxe2 Qg6 24. Kh1 f4 25. g4 f3 26. Qe3 Bxg4 27. Ng1 h5 28. Qxg5 Qxg5 29. Bxg5 Ree8 30. Ng3 Bxg3 31. hxg3 Rac8 32. Kh2 Rc7 33. Nh3 Bxh3 34. Kxh3 Kf7 35. Rd1 Rd7 36. d6 Re6 37. Bf4 b6 38. Rd5 Re8 39. Rf5+ Kg6 40. Rg5+ Kf6 41. Rxh5 Rg8 42. g4 Re8 43. Rh6+ Kg7 44. g5 Rf7 45. Kg4 e3 46. fxe3 f2 47. Rh1 Rxe3 48. d7 Rd3 49. Be5+ Kf8 50. Bf6 Rfxd7 51. g6 Rg7 52. Bxg7+ Kxg7 53. b3 Kxg6 54. Rf1 Rd2 55. a4 Rb2 56. a5 bxa5 57. Kf4 Rxb3 58. Rxf2 Rc3 59. Ke5 Rxc4 60. Ra2 a4 61. Kd5 Rb4 62. Kxc5 a5 63. Rd2 a3 64. Rd6+ Kf5 65. Rd2 Ke5 66. Ra2 Rb3 67. Rd2 Ke4 68. Rh2 Kd3 69. Rh3+ Kc2 70. Rh2+ Kb1 71. Rh1+ Ka2 72. Rh2+ Rb2 73. Rh3 Rc2+ 74. Kb5 Kb2 75. Ka4 a2 76. Rb3+ Kc1 77. Ra3 Kb1 0-1

[Event "Samara Polugaevsky Memorial 1st"]
[Site "Samara"]
[Date "2011.07.12"]
[Round "8"]
[White "Bobrov, Vitaly"]
[Black "Sazonova, Elena"]
[Result "0-1"]
[WhiteElo "1941"]
[BlackElo "2131"]
[PlyCount "118"]
[EventDate "2011.07.05"]
[EventType "swiss"]
[EventRounds "9"]
[EventCountry "RUS"]
[SourceTitle "CBM 143 Extra"]
[Source "ChessBase"]
[SourceDate "2011.08.29"]
[SourceVersion "1"]
[SourceVersionDate "2011.08.29"]
[SourceQuality "1"]

1. e4 c5 2. c3 d5 3. exd5 Qxd5 4. Nf3 Nf6 5. Na3 e6 6. d4 Be7 7. Nb5 Na6 8. Be2 0-0 9. 0-0 cxd4 10. Nbxd4 Nc5 11. Nb5 a6 12. Qxd5 Nxd5 13. Nbd4 f6 14. Rd1 Nc7 15. Nc2 Kf7 16. Ne3 b5 17. Bd2 e5 18. c4 Rb8 19. b4 Ne4 20. Be1 bxc4 21. Bxc4+ Ke8 22. a3 Nd6 23. Ba2 Bd7 24. Nd5 Nxd5 25. Bxd5 Ba4 26. Rdc1 Kd7 27. Bd2 g5 28. Be3 Rfc8 29. Rxc8 Rxc8 30. Ba2 Nb5 31. Rc1 Rxc1+ 32. Bxc1 g4 33. Nd2 Nc3 34. Bc4 Bb5 35. Bxb5+ axb5 36. Kf1 Kc6 37. Bb2 Na4 38. Ba1 Kd5 39. Ke2 f5 40. Kd3 Nb6 41. Bb2 Bg5 42. Bc1 e4+ 43. Kc2 Bf6 44. Nf1 Bd4 45. Ne3+ Bxe3 46. fxe3 Kc4 47. Bb2 Nd5 48. Bc1 h5 49. Bd2 f4 50. exf4 e3 51. Bc1 e2 52. Kd2 Nxf4 53. h3 Nd3 54. Kxe2 Nxc1+ 55. Ke3 gxh3 56. gxh3 Kb3 57. Kf4 Ne2+ 58. Kg5 Ng1 59. a4 Kxa4 0-1

[Event "Samara Polugaevsky Memorial 1st"]
[Site "Samara"]
[Date "2011.07.06"]
[Round "2"]
[White "Lukyanov, Artiom"]
[Black "Bobrov, Vitaly"]
[Result "1-0"]
[WhiteElo "2133"]
[BlackElo "1941"]
[PlyCount "55"]
[EventDate "2011.07.05"]
[EventType "swiss"]
[EventRounds "9"]
[EventCountry "RUS"]
[SourceTitle "CBM 143 Extra"]
[Source "ChessBase"]
[SourceDate "2011.08.29"]
[SourceVersion "1"]
[SourceVersionDate "2011.08.29"]
[SourceQuality "1"]

1. e4 c6 2. Nc3 d5 3. Qf3 d4 4. Bc4 e6 5. Nce2 c5 6. Qg3 Nc6 7. d3 Nf6 8. Bd2 a6 9. a4 Bd7 10. a5 b5 11. axb6 Qxb6 12. Nf3 g6 13. e5 Nd5 14. 0-0 Bg7 15. Bxd5 exd5 16. Nf4 Be6 17. Nxe6 fxe6 18. Qg4 Ne7 19. b4 cxb4 20. Rfb1 a5 21. Bxb4 Rb8 22. Be1 Qxb1 23. Rxb1 Rxb1 24. Qxe6 Rf8 25. Kf1 Rf5 26. Qd6 a4 27. e6 Rb7 28. Ba5 1-0